| 000 | 03756nam a2200697 i 4500 | ||
|---|---|---|---|
| 999 |
_c248229 _d248229 |
||
| 001 | 2848359 | ||
| 005 | 20190829113208.0 | ||
| 008 | 190114s2019 caua a 000 1 eng d | ||
| 020 |
_a9781452178592 : _c$8.99 |
||
| 020 |
_a1452178593 : _c$8.99 |
||
| 020 | _z9780811879545 | ||
| 035 | _a(OCoLC)1079352754 | ||
| 035 | _a(OCoLC)on1079352754 | ||
| 035 | _a2822561 | ||
| 040 |
_aPABRO _beng _cPABRO |
||
| 041 | 1 |
_aeng _hfre |
|
| 049 | _aIGAA | ||
| 050 | 4 |
_aPZ7.T82314 _bPr 2019 |
|
| 082 | 0 | 4 |
_a[E] _223 |
| 092 | _aE | ||
| 999 | _bE | ||
| 100 | 1 |
_aTullet, Hervé, _eauthor. _95686536 |
|
| 240 | 1 | 0 |
_aLivre. _lEnglish |
| 245 | 1 | 0 |
_aPress here / _cHervé Tullet ; translated by Christopher Franceschelli. |
| 250 | _aBoard book edition. | ||
| 264 | 1 |
_aSan Francisco, California : _bHandprint Books, an imprint of Chronicle Books LLC, _c2019. |
|
| 300 |
_a1 volume (unpaged) : _bcolor illustrations ; _c16 cm |
||
| 336 | _atext | ||
| 337 | _aunmediated | ||
| 338 | _avolume | ||
| 500 | _aCover title. | ||
| 500 | _aOn board pages. | ||
| 520 | _aUsing no special effects other than the reader's imagination, a series of dots multiplies, grows, or changes color by pressing, tilting, or blowing on the previous page. | ||
| 521 | 1 |
_a3-6 _bBrodart. |
|
| 521 | 2 |
_aP-1 _bBrodart. |
|
| 650 | 1 |
_aImagination _vFiction. _95674599 |
|
| 650 | 1 |
_aColor _vFiction. _95674644 |
|
| 650 | 1 |
_aPattern perception _vFiction. _95797946 |
|
| 650 | 0 |
_aImagination _vJuvenile fiction. _95676283 |
|
| 650 | 0 |
_aColor _vJuvenile fiction. _95674642 |
|
| 650 | 0 |
_aPattern perception _vJuvenile fiction. _95797947 |
|
| 650 | 7 |
_aJUVENILE FICTION / Concepts / Colors _2bisacsh _95687177 |
|
| 700 | 1 |
_aFranceschelli, Christopher. _95683240 |
|
| 942 |
_2ddc _cBOOK |
||
| 948 |
_aBFG _bCHILDREN'S _pX119985018 _kJ _hE _f1 _r2 _g1 _70 _u3 _w11 _s0 _oBFG _0$8.99 _y99 _c11 _jDewey Decimal _nOn-Order _e1528647-6 _9Item generated May 13 2019 11:38AM |
||
| 948 |
_aBPF _bCHILDREN'S _pX119985026 _kJ _hE _f1 _r2 _g1 _70 _u3 _w11 _s0 _oBPF _0$8.99 _y99 _c11 _jDewey Decimal _nOn-Order _e1528647-7 _9Item generated May 13 2019 11:38AM |
||
| 948 |
_aCCL _bCHILDREN'S _pX119985034 _kJ _hE _f1 _r2 _g1 _70 _u3 _w11 _s0 _oCCL _0$8.99 _y99 _c11 _jDewey Decimal _nOn-Order _e1528647-8 _9Item generated May 13 2019 11:38AM |
||
| 948 |
_aBRF _bCHILDREN'S _pX119985042 _kJ _hE _f1 _r2 _g1 _70 _u3 _w11 _s0 _oBRF _0$8.99 _y99 _c11 _jDewey Decimal _nOn-Order _e1528647-3 _9Item generated May 13 2019 11:38AM |
||
| 948 |
_aBMK _bCHILDREN'S _pX119985059 _kJ _hE _f1 _r2 _g1 _70 _u3 _w11 _s0 _oBMK _0$8.99 _y99 _c11 _jDewey Decimal _nOn-Order _e1528647-4 _9Item generated May 13 2019 11:38AM |
||
| 948 |
_aBHH _bCHILDREN'S _pX119985067 _kJ _hE _f1 _r2 _g1 _70 _u3 _w11 _s0 _oBHH _0$8.99 _y99 _c11 _jDewey Decimal _nOn-Order _e1528647-1 _9Item generated May 13 2019 11:38AM |
||
| 948 |
_aBGP _bCHILDREN'S _pX119985075 _kJ _hE _f1 _r2 _g1 _70 _u3 _w11 _s0 _oBGP _0$8.99 _y99 _c11 _jDewey Decimal _nOn-Order _e1528647-5 _9Item generated May 13 2019 11:38AM |
||
| 948 |
_aBNO _bCHILDREN'S _pX119985083 _kJ _hE _f1 _r2 _g1 _70 _u3 _w11 _s0 _oBNO _0$8.99 _y99 _c11 _jDewey Decimal _nOn-Order _e1528647-2 _9Item generated May 13 2019 11:38AM |
||